01679nam a2200325 i 4500001001000000003000900010005001700019007000300036008004100039020001800080040003000098082001800128100005400146245004600200264005100246300002600297336002700323337003300350338002800383500007100411505008000482590002700562910001400589942001400603952015600617952015000773952015600923952025701079999001701336000044899DO-SdBNP20250203123107.0ta150115s2014 dr 000 p spa d a9789945475937 aDO-SdBNPbspacBNPHUerda axxxxbJ412221 aJavier, Adrián,d1967-2013.eautor9729174aut.10aSin ovejas que contar /cAdrián Javier. 4aSanto Domingo :bEdiciones Ferilibro,c©2014. a113 páginasc23 cm. atextobtxt2rdacontent asin mediaciónbn2rdamedia avolumenbnc2rdacarrier aIncluye datos biográficos del autor en la solapa de la cubierta,0 aNoticias en onda corta --tEl menor de los ruidos --tLa letra encarnada -- aInventariado, 2025/ YL aYLockward 2ddccLBS1 00102ddc56708DSaBNPHUbBNPHUcCTd2014-10-15eDeposito LegaliLF1l0oBNPHU DS xxx xxxp44899-30r2020-06-25te. 3w2020-06-25yLBS1ZNo se presta 00102ddc51708PDaBNPHUbBNPHUcCTd2014-10-15eDeposito LegaliLF1l0oBNPHU PD xxx xxxp44899-10r2020-06-25w2020-06-25yLBS1ZNo se presta 00102ddc51708PDaBNPHUbBNPHUcCTd2014-10-15eDeposito LegaliLF1l0oBNPHU PD xxx xxxp44899-20r2020-06-25te. 2w2020-06-25yLBS1ZNo se presta 00102ddc56708DSaBNPHUbBNPHUcCTd2023-12-01eDonado por la Presidencia de la República Dominicana 2023iLF1l0oBNPHU DS xxx xxxp2025-0683r2025-02-04te. 4w2025-02-04yLBS1zPerteneció a la biblioteca personal de René Rodríguez Soriano c44388d44388